Ser maestro: condiciones del trabajo docente en Perú
Bewaard in:
| Hoofdauteur: | |
|---|---|
| Formaat: | Boek |
| Taal: | Spaans |
| Gepubliceerd in: |
Santiago
UNESCO-OREALC
1989
|
| Onderwerpen: | |
| Tags: |
Voeg label toe
Geen labels, Wees de eerste die dit record labelt!
|
MARC
| LEADER | 00000nam a2200000 a 4500 | ||
|---|---|---|---|
| 001 | UCW6579 | ||
| 003 | CL-VaPUC | ||
| 008 | 920402e19890000CL |||||||||||||||||spa|d | ||
| 082 | 0 | 4 | |a 371.1 |b TOV |2 21 |
| 100 | 0 | |a Tovar, Teresa |e author |9 311578 | |
| 245 | 1 | 0 | |a Ser maestro: condiciones del trabajo docente en Perú |
| 300 | |a 194 p | ||
| 942 | |c BK | ||
| 945 | |d 19920402 00:00:00 | ||
| 260 | |a Santiago |b UNESCO-OREALC |c 1989 | ||
| 650 | 0 | |a Profesores |9 308968 | |
| 650 | 0 | |a Condiciones económicas |9 258255 | |
| 650 | 0 | |a Condiciones sociales |9 257278 | |
| 651 | 0 | |a Perú |9 256567 | |
| 583 | |a last modification |c 19920402 00:00:00 |k Rodrigo Vera | ||
| 999 | |c 219573 |d 219571 | ||
| 952 | |0 0 |1 0 |4 0 |6 371_100000000000000_TOV_1989 |7 0 |8 P |9 210661 |a BIBEDU |b BIBEDU |c BIBEDU_PB |d 2019-11-15 |i 2788705 |o 371.1 TOV 1989 |p 2788705 |r 2024-01-25 |w 2019-11-15 |y BK |k EDU | ||